000 00753cam a22002293a 4500
001 14078
003 PGUSA
005 20140828083313.0
008 041117s2004||||xxu|||||s|||||000 | eng d
040 _aPGUSA
_beng
042 _adc
050 4 _aDG
100 1 _aMartinengo-Cesaresco, Evelyn Lilian Hazeldine Carrington, contessa,
_d1852-1931
245 1 4 _aThe Liberation of Italy, 1815-1870
_h[electronic resource] /
_cEvelyn Lilian Hazeldine Carrington, contessa Martinengo-Cesaresco
260 _bProject Gutenberg,
_c2004
506 _aPublic domain in the USA.
516 _aElectronic text
653 _aItaly -- History -- 1815-1870
830 0 _aProject Gutenberg
_v14078
856 4 0 _uhttp://www.gutenberg.org/ebooks/14078
942 _cEB
999 _c243333
_d243333